| 000 | 01406 a2200301 4500 | ||
|---|---|---|---|
| 001 | 200003132 | ||
| 999 |
_c200003132 _d26155 |
||
| 003 | TR-AnTOB | ||
| 005 | 20231208001017.0 | ||
| 020 | _a9786054002733 | ||
| 040 | _aTR-AnTOB | ||
| 041 | _atur | ||
| 050 | 4 |
_aKKX937 _b.P67 2010 |
|
| 090 | _aKKX937 .P67 2010 | ||
| 100 | 1 |
_aPoroy, Reha _973123 |
|
| 245 | 1 | 0 |
_aKıymetli evrak hukuku esasları : _b5941 sayılı çek kanununun yorumu ile / _cReha Poroy, Ünal Tekinalp. |
| 250 | _aGüncelleştirilmiş 19. bası. | ||
| 264 | 1 |
_aİstanbul : _bVedat Kitapçılık, _c2010. |
|
| 300 |
_axxviii, 364 p. ; _c24 cm. |
||
| 504 | _aIncludes bibliographic references and index. | ||
| 505 | _a1. Kıymetli evrakı düzenleyen temel hükümler. : 1.1. Kıymetli evrak kavramı. -- 1.2. Kıymetli evrak teorileri. -- 1.3. Nama, emre ve hamile düzenlenen kıymetli evrakın özellikleri. -- 1.4. Kıymetli evrakın zıyaı ve iptali. -- 2. Kambiyo senetleri : 2.1. Genel bilgiler. -- 2.2. Poliçe. -- 2.3. Emre muharrer senet (bono). -- 2.4. Çek. -- 3. Emtia senetleri : 3.1. Genel olarak. -- 3.2. Makbuz senedi ve varant. | ||
| 650 | 7 |
_aTicaret hukuku _zTürkiye _2etuturkob _934380 |
|
| 650 | 0 |
_aCommercial law _zTurkey _934379 |
|
| 650 | 0 |
_aNegotiable instruments _xTaxation _zTurkey _957218 |
|
| 650 | 0 |
_aKıymetli evrak _xVergilendirme _zTürkiye _957214 |
|
| 700 | 1 |
_aTekinalp, Ünal _958006 |
|
| 942 | _cBK | ||